Kazi Naxrul Islam (Record no. 2748)

MARC details
000 -LEADER
fixed length control field 00472cam a2200193ua 4500
001 - CONTROL NUMBER
control field 2902
005 - DATE AND TIME OF LATEST TRANSACTION
control field 20260515113612.0
008 - FIXED-LENGTH DATA ELEMENTS--GENERAL INFORMATION
fixed length control field 110915n ii |||gr||||Z||||||asm
040 ## - CATALOGING SOURCE
Transcribing agency MAIN
082 ## - DEWEY DECIMAL CLASSIFICATION NUMBER
Classification number 920
100 1# - MAIN ENTRY--PERSONAL NAME
Personal name Haldar, Gopal,
Relator term Author.
245 11 - TITLE STATEMENT
Title Kazi Naxrul Islam
Statement of responsibility, etc. by Gopal Haldar
250 ## - EDITION STATEMENT
Edition statement 1st.
260 ## - PUBLICATION, DISTRIBUTION, ETC.
Place of publication, distribution, etc. New Delhi:
Name of publisher, distributor, etc. Sahitya Akademi,979.
300 ## - PHYSICAL DESCRIPTION
Extent 84p:
Dimensions 23cm.
653 ## - INDEX TERM--UNCONTROLLED
Uncontrolled term Biography
653 ## - INDEX TERM--UNCONTROLLED
Uncontrolled term Biography of Kazi Naxrul Islam
942 ## - ADDED ENTRY ELEMENTS (KOHA)
Koha item type Books
Holdings
Withdrawn status Lost status Damaged status Not for loan Home library Current library Shelving location Date acquired Total checkouts Full call number Barcode Date last seen Copy number Price effective from Koha item type
        Naharkatiya College Library Naharkatiya College Library General stacks 09/19/2020   920 | HAL 10744 09/19/2020 1 09/19/2020 Books